书目信息 |
| 题名: |
英汉词典历史文本与汉语现代化进程
|
|
| 作者: | 胡开宝 著 | |
| 分册: | ||
| 出版信息: | 上海 上海译文出版社 2005.05 |
|
| 页数: | 305页 | |
| 开本: | 21cm | |
| 丛书名: | 译学新论丛书 | |
| 单 册: | ||
| 中图分类: | H316 | |
| 科图分类: | ||
| 主题词: | 英语--ying yu--汉语--研究--词典 | |
| 电子资源: | ||
| ISBN: | 7-5327-3850-7 | |
| 000 | 01062nam 2200265 450 | |
| 001 | 012006031578 | |
| 005 | 20060905160007.64 | |
| 010 | @a7-5327-3850-7@dCNY21.00 | |
| 100 | @a20060610d2005 km y0chiy0120 ea | |
| 101 | 0 | @achi@aeng |
| 102 | @aCN@b310000 | |
| 105 | @aa a 000yy | |
| 200 | 1 | @a英汉词典历史文本与汉语现代化进程@Aying han ci dian li shi wen ben yu han yu xian dai hua jin cheng@f胡开宝著@Fhu kai bao zhu |
| 210 | @a上海@c上海译文出版社@d2005.05 | |
| 215 | @a305页@c图@d21cm | |
| 225 | 2 | @a译学新论丛书@Ayi xue xin lun cong shu |
| 306 | @a本书由上海马克思主义学术著作出版基金资助出版 | |
| 320 | @a有书目 (第279-297页)。 | |
| 330 | @a本书介绍了有关语言方面的知识。从英汉词典历史文本与汉语现代化进程、英汉词典文本性和文本属性、英汉词典历史文本:特殊的翻译文本、英汉词典历史文本与现代汉语外来词和英汉词典历史文本与现代汉语构词法等方面。 | |
| 410 | 0 | @12001 @a译学新论丛书 |
| 606 | 0 | @a英语@Aying yu@x汉语@x研究@j词典 |
| 690 | @aH316@v4 | |
| 701 | 0 | @a胡开宝@Ahu kai bao@4著 |
| 801 | 0 | @aCN@bQSSK@c20060905 |
| 905 | @a10447@dH316@eH480 | |
| 英汉词典历史文本与汉语现代化进程/胡开宝著.-上海:上海译文出版社,2005.05 |
| 305页:图;21cm.-(译学新论丛书) |
| ISBN 7-5327-3850-7:CNY21.00 |
| 本书介绍了有关语言方面的知识。从英汉词典历史文本与汉语现代化进程、英汉词典文本性和文本属性、英汉词典历史文本:特殊的翻译文本、英汉词典历史文本与现代汉语外来词和英汉词典历史文本与现代汉语构词法等方面。 |
| ● |
| 相关链接 |
|
|
|
正题名:英汉词典历史文本与汉语现代化进程
索取号:H316/H480
 
预约/预借
| 序号 | 登录号 | 条形码 | 馆藏地/架位号 | 状态 | 备注 |
| 1 | 584941 | 205849411 | 语言库209/209语言库 40排6列3层/ [索取号:H316/H480] | 在馆 | |
| 2 | 584942 | 205849420 | 语言库209/209语言库 40排6列3层/ [索取号:H316/H480] | 在馆 | |
| 3 | 584943 | 205849439 | 语言库209/209语言库 40排6列3层/ [索取号:H316/H480] | 在馆 |